000 00881nam a22002177a 4500
005 20240530110337.0
008 141019s2011 ua j gr 000 0 ara d
017 _a11062/2010
_bمصر . دار الكتب
020 _a9789773287212
040 _aEG-CaGPL
082 0 4 _221
_a658.406
_bأ أ
100 0 _aابراهيم بن عبدالله بن عبدالرحمن الزعيبر
245 1 _aادارة التغير :
_bالاسس والمنطلقات الفكرية /
_cابراهيم بن عبدالله بن عبدالرحمن الزعيبر
260 _aالاسكندرية :
_bدار الجامعة الجديدة ،
_c2011
300 _a266 ص :
_bجداول ؛
_c24 سم
650 0 4 _aالادارة
_xتقييم
650 0 4 _aالادارة
_xتحليل
650 0 4 _aالادارة
_xتغيير
942 _2ddc
_cBK
999 _c59804
_d59804